Responses for Show #7291 - Monday, May 2, 2016

2016 Teachers Tournament quarterfinal game 1.

Contestants

[<< previous game]

Chris Tempro, a 9th grade math teacher from Allentown, Pennsylvania

Dianne Lee, a 4th grade language arts teacher from Savannah, Georgia

Lauren Gilmore, a high school history teacher from Lake Wales, Florida

[next game >>]

Jeopardy! Round responses

IT'S ABOUT TIME
SHOES A TO Z
NAME THAT SPORT
ON THE PERIODIC TABLE
THE HOT SEAT
FURNITURE METAPHORS
    $200 1
(Alex: Lauren, you won the toss, so you make the first selection.)

noon

Chris
    $200 6
Adidas

Lauren
    $200 11
golf

Chris
    $200 26
bases

Lauren
    $200 21
Secretary of War

Lauren
    $200 17
a couch

Lauren
    $400 2
appreciation

Chris
    $400 7
Puma

Chris
    $400 12
horse racing

Dianne
    $400 27
(Chris: What is... methane?)

radon

Chris
Triple Stumper
    $400 22
inflation

Chris
    $400 18
the bench

Lauren
    $600 3
a coffee break

Lauren
    $600 8
Zumba

Chris
    $600 13
volleyball

Dianne
    $600 28
protons

Lauren
    $600 23
Chipotle

Chris
    $600 16
"You make your bed, you lie in it"

Chris
    $800 4
maƱana

Lauren
    $800 9
(Dianne: What is Timberlake?)
(Lauren: What is Timberlane?)

Timberland

LaurenDianneChris
    $800 14
basketball

Chris
    $800 29
einsteinium (or fermium)

Chris
    $800 24
Khrushchev

Chris
    $800 20
an empty chair

Chris
    $1000 5
anachronism

Chris
    $1000 10
Gucci

Triple Stumper
    $1000 15
archery

Lauren
    $3,000 30
(Chris: I don't know.)

plutonium

Chris
    $1000 25
Murder, Inc.

Chris
    $1000 19
armchair

Lauren

Scores at the first commercial break (after clue 15):

Lauren Dianne Chris
$1,800 $200 $4,400

Scores at the end of the Jeopardy! Round:

Lauren Dianne Chris
$4,400 $200 $6,000

Double Jeopardy! Round responses

DETENTION IN LITERATURE
PRODUCE THE PRODUCE
AFRICANA
SONG LYRICS
BRITISH PRIME MINISTERS
JUST "D.M." ME
(Alex: Each correct response will have those two letters at the beginning of two words.)
    $400 1
The Green Mile

Lauren
    $400 6
squash

Lauren
    $400 25
(Chris: What is the lake region?)

the Great Lakes region

Chris
Triple Stumper
    $400 20
"Viva La Vida"

Lauren
    $400 14
the Whigs

Dianne
    $400 11
dark matter

Triple Stumper
    $800 2
(Lauren: What is the Birdman?)

Papillon

LaurenChris
    $800 7
an apple

Dianne
    $800 26
the Kalahari

Chris
    $800 21
"Single Ladies"

Lauren
    $800 15
Tony Blair

Chris
    $800 12
(Alex: You thought of it, Dianne, but too late.)

diacritical marks

Triple Stumper
    $1200 3
Unbroken

Dianne
    $1200 8
melons

Chris
    $2,000 27
(Chris: What is the savanna?)

the Serengeti

Chris
    $1200 24
"Stay With Me"

Triple Stumper
    $1200 16
Neville Chamberlain

Triple Stumper
    $1200 13
defense mechanism

Triple Stumper
    $2,000 4
(Dianne: What is Hogwarts?)

Azkaban

Dianne
    $1600 9
grapes

Triple Stumper
    $1600 28
Coptic Christianity

Lauren
    $1600 23
"Achy Breaky Heart"

Chris
    $1600 19
William Pitt

Triple Stumper
    $1600 17
"Danse macabre"

Chris
    $2000 5
Gulag

Chris
    $2000 10
a fig

Dianne
    $2000 29
(Lauren: What is Cairo?)

Khartoum

Lauren
Triple Stumper
    $2000 22
"Uptown Funk"

Lauren
    $2000 30
Harold MacMillan

Triple Stumper
    $2000 18
dura mater

Lauren

Scores at the end of the Double Jeopardy! Round:

Lauren Dianne Chris
$9,200 $2,600 $12,400

Final Jeopardy! Round responses

WORD ORIGINS
DianneWhat is lardge
$2,500
LaurenWhat is a panorama?
$1,800
ChrisWhat is a panarama?
$6,001
panorama

Final scores:

Lauren Dianne Chris
$11,000 $100 $18,401
2nd place: $5,000 if eliminated 3rd place: $5,000 if eliminated Automatic semifinalist

Game dynamics:

Coryat scores:

Lauren Dianne Chris
$9,200 $4,600 $17,400
17 R,
3 W
6 R,
2 W
(including 1 DD)
22 R,
4 W
(including 2 DDs)

Combined Coryat: $31,200

[game clues] [game scores] [suggest correction]

Game tape date: 2016-02-24
The J! Archive is created by fans, for fans. Scraping, republication, monetization, and malicious use prohibited; this site may use cookies and collect identifying information. See terms. The Jeopardy! game show and all elements thereof, including but not limited to copyright and trademark thereto, are the property of Jeopardy Productions, Inc. and are protected under law. This website is not affiliated with, sponsored by, or operated by Jeopardy Productions, Inc. Join the discussion at JBoard.tv.